ბათუმის შოთა რუსთაველის სახელმწიფო უნივერსიტეტის ბიბლიოთეკა

Человек. Управление. Математика (ბიბ.ჩანაწერი № 48103)

000 -LEADER
fixed length control field 00520nam a2200193Ia 4500
001 - CONTROL NUMBER
control field 14984
003 - CONTROL NUMBER IDENTIFIER
control field GE_BSU
008 - FIXED-LENGTH DATA ELEMENTS--GENERAL INFORMATION
fixed length control field 181216s||||||||xx |||||||||||||| ||und||
040 ## - CATALOGING SOURCE
Transcribing agency GE_BSU
080 ## - UNIVERSAL DECIMAL CLASSIFICATION NUMBER
Universal Decimal Classification number 65(075.3)
100 ## - MAIN ENTRY--PERSONAL NAME
Personal name Бурков.В.Н.
245 ## - TITLE STATEMENT
Title Человек. Управление. Математика
260 ## - PUBLICATION, DISTRIBUTION, ETC.
Place of publication, distribution, etc. Москва
260 ## - PUBLICATION, DISTRIBUTION, ETC.
Name of publisher, distributor, etc. Прсвещение
260 ## - PUBLICATION, DISTRIBUTION, ETC.
Date of publication, distribution, etc. 1989
300 ## - PHYSICAL DESCRIPTION
Extent 159стр.20см.
653 ## - INDEX TERM--UNCONTROLLED
Uncontrolled term Человек. Управление. Математика
942 ## - ADDED ENTRY ELEMENTS (KOHA)
Koha item type წიგნი
ეგზემპლარები
Withdrawn status Lost status Damaged status Not for loan Date acquired Barcode Date last seen Price effective from Koha item type
        2018-12-17 15649 2018-12-17 2018-12-17 წიგნი